Score 0/26 Timer 05:00
1 Play Today
% Correct
'Don't Rain on My Parade' [1.13]
94.3%
'I'm a Slave 4 U' [2.2]
88.9%
'Bohemian Rhapsody' [1.22]
83.5%
'Respect' [1.1]
82.6%
'Dancing with Myself' [1.9]
81.5%
'I'll Stand by You' [1.10]
81.3%
'Vogue' [1.15]
81%
'Baby' [2.13]
80.9%
'I Want to Hold Your Hand' [2.3]
78.4%
'Jolene' [3.7]
77.8%
'Do You Wanna Touch Me (Oh Yeah)' [2.15]
73.6%
'Thong Song' [1.8]
72.8%
'Americano' / 'Dance Again' [4.1]
69.6%
% Correct
'Funny Girl' [1.20]
67.7%
'Mine' [4.4]
67%
'Blue Christmas' [3.9]
65.8%
'Listen' [2.1]
65.6%
'Fighter' [3.15]
64.5%
'I Could Have Danced All Night' [1.8]
63%
'Big Spender' [3.1]
59.1%
'Never Can Say Goodbye' [3.11]
57.4%
'Everytime' [4.2]
54.7%
'Never Say Never' [4.1]
52.2%
'Waiting for a Girl Like You' [3.4]
45%
'I Follow Rivers' [2.17]
40.7%
'Sister Christian' [4.1]
40.5%

You're not logged in!

Compare scores with friends on all Sporcle quizzes.
OR
Log In

Sporcle TV

Today on Sporcle TV


Watch our educational content, quiz creation guides, and fun videos on Sporcle TV.

Show Comments

Extras

Top Quizzes Today


Score Distribution

Paid Content

Your Account Isn't Verified!

In order to create a playlist on Sporcle, you need to verify the email address you used during registration. Go to your Sporcle Settings to finish the process.

Report this User

Report this user for behavior that violates our Community Guidelines.

Details: